ბათუმის შოთა რუსთაველის სახელმწიფო უნივერსიტეტის ბიბლიოთეკა

მეთოდური მითითებები ლაბორატორიული სამუშაოების ჩასატარებლად ელექტრონიკის თეორიულ საფუძვლებსა და ელექტრული წრედების თეორიაში. მეორე ნაწილი. (ბიბ.ჩანაწერი № 39833)

000 -LEADER
fixed length control field 01114nam a2200205Ia 4500
001 - CONTROL NUMBER
control field 6438
003 - CONTROL NUMBER IDENTIFIER
control field GE_BSU
008 - FIXED-LENGTH DATA ELEMENTS--GENERAL INFORMATION
fixed length control field 181216s||||||||xx |||||||||||||| ||und||
040 ## - CATALOGING SOURCE
Transcribing agency GE_BSU
080 ## - UNIVERSAL DECIMAL CLASSIFICATION NUMBER
Universal Decimal Classification number 621.3(076.5)(072)
245 ## - TITLE STATEMENT
Title მეთოდური მითითებები ლაბორატორიული სამუშაოების ჩასატარებლად ელექტრონიკის თეორიულ საფუძვლებსა და ელექტრული წრედების თეორიაში. მეორე ნაწილი.
245 ## - TITLE STATEMENT
Statement of responsibility, etc. შემდგ.:პ.მერაბიშვილი, ა.კოტია, გ.ვადაჭკორია, ნ.წივწივაძე და სხვ. რედ. მ.ძიძიგური.
260 ## - PUBLICATION, DISTRIBUTION, ETC.
Place of publication, distribution, etc. თბ.
260 ## - PUBLICATION, DISTRIBUTION, ETC.
Name of publisher, distributor, etc. სპი.
260 ## - PUBLICATION, DISTRIBUTION, ETC.
Date of publication, distribution, etc. 1985.
300 ## - PHYSICAL DESCRIPTION
Extent 142გვ; 20სმ.
300 ## - PHYSICAL DESCRIPTION
Accompanying material ნახაზ.
653 ## - INDEX TERM--UNCONTROLLED
Uncontrolled term ელექტრონიკის და ელექტრული წრედების თეორია.
942 ## - ADDED ENTRY ELEMENTS (KOHA)
Koha item type წიგნი
ეგზემპლარები
Withdrawn status Lost status Damaged status Not for loan Date acquired Barcode Date last seen Price effective from Koha item type
        2018-12-17 10763 2018-12-17 2018-12-17 წიგნი
        2018-12-17 10764 2018-12-17 2018-12-17 წიგნი
        2018-12-17 10765 2018-12-17 2018-12-17 წიგნი
        2018-12-17 10766 2018-12-17 2018-12-17 წიგნი
        2018-12-17 10767 2018-12-17 2018-12-17 წიგნი
        2018-12-17 10768 2018-12-17 2018-12-17 წიგნი
        2018-12-17 10769 2018-12-17 2018-12-17 წიგნი
        2018-12-17 10770 2018-12-17 2018-12-17 წიგნი